Doloras Torralba /

Guardado en:
書目詳細資料
主要作者: Campoamor, Ramón de (autor)
格式: 圖書
語言:西班牙语
出版: Barcelona, España : editorial no identificada, fecha no identificada
主題:
標簽: 添加標簽
沒有標簽, 成為第一個標記此記錄!

MARC

LEADER 00000nam^a2200000^a^4500
001 000015700
005 20250521000000.0
009 20260310084032.024
037 |a Acervo ITESO - Biblioteca 
041 |a ESP 
082 |a 861.  |b CAM 
100 |a Campoamor, Ramón de  |e (autor) 
240 1 1 |a [Doloras] 
245 1 0 |a Doloras Torralba /  |c R. de Campoamor. 
264 1 |a Barcelona, España :  |b editorial no identificada,  |c fecha no identificada 
300 |a 160 p. 
336 |a texto  |b txt  |2 rdacontenido 
337 |a sin mediación  |b n  |2 rdamedio 
338 |a volumen  |b nc  |2 rdasoporte 
649 |a XX 
650 |a Poesía Española 
650 |a Literatura Española -  |y Siglo XIX 
910 |a Fondo General 
920 |a Impresos - Libros 
930 |a Colección General 
940 |a Literatura 
905 |a 101 
901 |a 0500092707  |b IT1  |c LIT  |i 015700  |u 20250521 
902 |a https://opac.biblio.iteso.mx/vufind/Record/000015700